000 01554nam a2200253 a 4500
001 77670
003 BD-RjUL
005 20211209083017.0
008 201223s2004 bg a|||| m||| 00| 0 ben d
035 _a(BD-RjUL)77896
040 _aBD-RjUL
_bben/eng
_cBD-RjUL
_dBD-RjUL
041 _aben
082 _a954.925
_bROK 2004
_223
100 _aরায়, দুর্গাপদ
_9242845
245 1 0 _aখুলনা শহর :
_bউৎপত্তি ও বিকাশ (১৮৪২-১৯৮৪) /
_cদুর্গাপদ রায় ;
_6তত্ত্বাবধায়ক: প্রীতি কুমার মিত্র
260 _aরাজশাহী :
_bইনস্টিটিউট অব বাংলাদেশ স্টাডিজ, রাজশাহী বিশ্ববিদ্যালয়,
_c২০০৪
300 _a[২৬] , ৪৯৯ পাতা :
_bচিএ ;
_c২৯ সেমি.
502 _aথিসিস (পিএইচ. ডি.) -- ইনস্টিটিউট অব বাংলাদেশ স্টাডিজ, রাজশাহী বিশ্ববিদ্যালয়, ২০০৪
504 _aগ্রন্থপঞ্জি: পাতা ৪৭৫-৪৯৯
651 _aবাংলাদেশ
_zখুলনা
_xইতিহাস
_y১৮৪২-১৯৮৪
_9242846
651 _aBangladesh
_zKhulna
_xHistory
_y1842-1984
_9242847
700 _aমিত্র, প্রীতি কুমার, তত্ত্বাবধায়ক
_9122676
942 _2ddc
_cTHE
999 _c77670
_d77670